Statistiques concernant Héros de bandes dessinées

Cliquez ici pour prendre le quiz!

Statistiques générales

  • Ce quiz a été pris 259 fois
  • Le résultat moyen est 18 sur 22

Statistiques - réponses

Réponse% Correct
Asterix
99%
Donald
99%
Mickey
99%
Obelix
99%
Tintin
99%
Titeuf
97%
Garfield
95%
Milou
95%
Bill
94%
Boule
94%
Lucky Luke
92%
Ducobu
91%
Spirou
91%
Gaston Lagaffe
84%
Capitaine Haddock
83%
Schtroumpfette
78%
Rantanplan
72%
Grand Schtroumpf
71%
Fantasio
68%
Iznogoud
49%
Blake et Mortimer
43%
Largo Winch
28%

Distribution des résultats

Percentile par nombre de réponses

% des personnes avec chaque résultat

Votre développement - résultats

Vous n’avez pas pris ce quiz